Causes and pattern of climate change / (Record no. 38622)

MARC details
000 -LEADER
fixed length control field 00733nam a22002057a 4500
005 - DATE AND TIME OF LATEST TRANSACTION
control field 20100802125146.0
010 ## - LCCN (DPL NO)
LC control number ENG-97640
020 ## - INTERNATIONAL STANDARD BOOK NUMBER
International Standard Book Number 9788184350838
Terms of availability 695.00
035 ## - SYSTEM CONTROL NUMBER
System control number EN-81173
037 ## - SOURCE OF ACQUISITION
Source of stock number/acquisition DBAD/PUB
082 ## - DEWEY DECIMAL CLASSIFICATION NUMBER
Classification number 551.6
100 ## - MAIN ENTRY--PERSONAL NAME
Personal name Gupta, Ishwar Das
245 ## - TITLE STATEMENT
Title Causes and pattern of climate change /
Statement of responsibility, etc by Ishwar Das Gupta
260 ## - PUBLICATION, DISTRIBUTION, ETC. (IMPRINT)
Place of publication, distribution, etc New Delhi
Name of publisher, distributor, etc Adhyayan Publishers
Date of publication, distribution, etc 2008
270 2# - ADDRESS
Address 4378/4 B, 105, JMD House, Murari Lal Street
City New Delhi
Postal code 110002
300 ## - PHYSICAL DESCRIPTION
Extent 256p.
Dimensions 22cm (Hb)
500 ## - GENERAL NOTE
General note Includes index
942 ## - ADDED ENTRY ELEMENTS (KOHA)
Source of classification or shelving scheme Dewey Decimal Classification
Item type English Books
Classification part 551.6
Call number suffix GUP
Holdings
Withdrawn status Lost status Not for loan Collection code Home library Current library Date acquired Source of acquisition Cost, normal purchase price Full call number Barcode Copy number Cost, replacement price Koha item type
    Not For Loan Non-fiction D.B.Act.Division D.B.Act.Division 02/08/2010 DBAD/PUB 695.00 551.6 GUP EN-81173 1 695.00 English Books

© Delhi Public Library
Hit Counter
free hit counter